Países con 'L' - Estadísticas

Estadísticas generales
  • Esta prueba ha sido intentada 40 veces
  • La puntuación promedio es 6 de 9
Estadísticas de respuestas
País % Correcto
Lituania
93%
Letonia
87%
Laos
73%
Libia
73%
Luxemburgo
73%
Liberia
63%
Líbano
60%
Liechtenstein
60%
Lesoto
43%
No se encontraron pruebas coincidentes
Distribución de puntuación
Porcentaje de gente con cada puntuación
Porcentaje por número respondido
Historial de tus puntuaciones
No has intentado esta prueba.